000 00666nam a2200217Ia 4500
003 GCL
005 20240530102618.0
008 140319s9999 xx 000 0 ara d
040 _aGCL /
_cGCL
082 0 4 _a811,9
_bج ض
100 1 _aجمال الشاعر
245 1 0 _aضحكت فاشعلت الحرائق /
_cجمال الشاعر
260 _a[S.N] :
_bالهيئة المصرية العامة للكتاب ،
_c1995
300 _a104 ص
650 0 4 _aالشعر العربى
650 0 4 _aالادب العربى
650 0 4 _aالعصر الحديث
650 0 4 _aالشعر الغزلى
650 0 4 _aدواوين وقصائد
942 _2ddc
_cBK
999 _c33414
_d33414